[Event "Madrid-chT 2021"]
[Site "Madrid"]
[Date "2021.05.30"]
[Round "13.2"]
[White "Alarcia Astiz, Carlos"]
[Black "Martinez Martin, David"]
[Result "1-0"]
[WhiteElo "2288"]
[BlackElo "2376"]
[PlyCount "127"]
[EventDate "2021.01.24"]
[EventType "team-tourn"]
[EventRounds "14"]
[EventCountry "ESP"]
[SourceTitle "Ajedrez en Madrid"]
[Source "lmi"]
[SourceDate "2021.01.23"]
[SourceVersion "1"]
[SourceVersionDate "2021.06.08"]
[SourceQuality "1"]
[WhiteTeam "Blanco y Negro"]
[BlackTeam "Virgen de Atocha"]
[WhiteTeamCountry "ESP"]
[BlackTeamCountry "ESP"]

1. e4 c5 2. Nf3 d6 3. d4 Nf6 4. Nc3 cxd4 5. Nxd4 g6 6. f4 Nc6 7. Nf3 Bg7 8. Bd3
O-O 9. O-O b5 10. a3 b4 11. axb4 Nxb4 12. h3 Nxd3 13. cxd3 a5 14. Be3 Ba6 15.
Qd2 Nd7 16. Na4 Rb8 17. Nd4 Qc7 18. Rfc1 Nc5 19. e5 Rfc8 20. Nxc5 dxc5 21. Rxa5
Rxb2 22. Qxb2 Qxa5 23. Ra1 Qd8 24. Rxa6 cxd4 25. Qxd4 Qxd4 26. Bxd4 h5 27. Kf2
e6 28. Kf3 Bf8 29. Ra4 Rc2 30. Be3 Rc3 31. Ke4 Rc2 32. Kf3 Rc3 33. Ke2 Rc2+ 34.
Bd2 Bh6 35. g4 hxg4 36. hxg4 Rb2 37. g5 Bf8 38. Ke3 Kg7 39. Rc4 Rb5 40. d4 Rb3+
41. Ke4 Rb2 42. Ba5 Rb5 43. Bd8 Rb8 44. Ba5 Ra8 45. Bc3 Rd8 46. Rc7 Rd5 47. Rc8
Be7 48. Rb8 Bf8 49. Ra8 Rd7 50. Ba5 Be7 51. Rb8 Ra7 52. Bb6 Rd7 53. Kd3 Rd5 54.
Kc4 Bf8 55. Bd8 Rd7 56. Kb5 Be7 57. Bb6 Rd5+ 58. Kc6 Bf8 59. Bd8 Rxd4 60. Bf6+
Kg8 61. Be7 Rc4+ 62. Kb5 Rxf4 63. Rxf8+ Kg7 64. Rd8 1-0

[Event "Madrid-chT 2021"]
[Site "Madrid"]
[Date "2021.05.30"]
[Round "13.3"]
[White "Vazquez Torres, Adrian"]
[Black "Renteria Becerra, Jorge Elicer"]
[Result "0-1"]
[WhiteElo "2179"]
[BlackElo "2237"]
[PlyCount "106"]
[EventDate "2021.01.24"]
[EventType "team-tourn"]
[EventRounds "14"]
[EventCountry "ESP"]
[SourceTitle "Ajedrez en Madrid"]
[Source "lmi"]
[SourceDate "2021.01.23"]
[SourceVersion "1"]
[SourceVersionDate "2021.06.08"]
[SourceQuality "1"]
[WhiteTeam "Virgen de Atocha"]
[BlackTeam "Blanco y Negro"]
[WhiteTeamCountry "ESP"]
[BlackTeamCountry "ESP"]

1. e4 c5 2. Nf3 d6 3. d4 cxd4 4. Nxd4 Nf6 5. Nc3 a6 6. Bc4 e6 7. Bb3 b5 8. O-O
b4 9. Na4 Bd7 10. c3 bxc3 11. Nxc3 Nc6 12. Be3 Be7 13. Rc1 O-O 14. f3 Na5 15.
Qd3 e5 16. Nde2 Nxb3 17. axb3 Be6 18. Rfd1 Bxb3 19. Rd2 Qa5 20. g4 h6 21. Ng3
d5 22. Nxd5 Bxd5 23. exd5 Rfd8 24. Nf5 Bb4 25. d6 Bxd2 26. Bxd2 Qb6+ 27. Kh1
Qb7 28. Re1 Nxg4 29. Re2 g6 30. Nh4 e4 31. fxe4 Qc6 32. Qg3 h5 33. h3 Rxd6 34.
Bc3 Rd1+ 35. Kg2 Qb6 36. Nf3 Ne3+ 37. Rxe3 Qxe3 38. Qe5 Qh6 39. Ng5 Rf8 40. h4
Rc1 41. Bd4 Rc4 42. b3 Rxd4 43. Qxd4 Qg7 44. e5 Re8 45. Nf3 Qf8 46. Qc4 Re6 47.
Kg3 Qb8 48. Qd5 Qb6 49. Qa8+ Kg7 50. Qa7 Qxb3 51. Kf4 Qb4+ 52. Nd4 Qd2+ 53. Ke4
Qe1+ 0-1

[Event "Madrid-chT 2021"]
[Site "Madrid"]
[Date "2021.05.30"]
[Round "13.4"]
[White "Hidalgo Duque, Carlos"]
[Black "Yanes Crespo, Javier"]
[Result "1-0"]
[WhiteElo "2240"]
[BlackElo "1953"]
[PlyCount "89"]
[EventDate "2021.01.24"]
[EventType "team-tourn"]
[EventRounds "14"]
[EventCountry "ESP"]
[SourceTitle "Ajedrez en Madrid"]
[Source "lmi"]
[SourceDate "2021.01.23"]
[SourceVersion "1"]
[SourceVersionDate "2021.06.08"]
[SourceQuality "1"]
[WhiteTeam "Blanco y Negro"]
[BlackTeam "Virgen de Atocha"]
[WhiteTeamCountry "ESP"]
[BlackTeamCountry "ESP"]

1. Nf3 d5 2. d4 Nf6 3. c4 e6 4. g3 c5 5. Bg2 Nc6 6. O-O Be7 7. dxc5 Bxc5 8.
cxd5 exd5 9. Qc2 Bb6 10. Nc3 d4 11. Na4 O-O 12. Rd1 Be6 13. Bg5 h6 14. Nxb6
axb6 15. Bxf6 Qxf6 16. b3 Ra5 17. Qb2 Rfa8 18. a4 Rd8 19. b4 Rad5 20. Ne1 Rf5
21. Nd3 Bd5 22. Bxd5 Rfxd5 23. b5 Ne5 24. Nxe5 Qxe5 25. Ra3 Re8 26. Rd2 Qh5 27.
f3 Red8 28. Rad3 Kh7 29. Rxd4 Rxd4 30. Rxd4 Qc5 31. e3 Re8 32. Qd2 Re7 33. Kf2
Qh5 34. Kg2 Qf5 35. Qd3 Qxd3 36. Rxd3 Rc7 37. g4 Rc4 38. Rd4 Rc3 39. e4 f6 40.
Rd7 Ra3 41. Rxb7 Rxa4 42. Rxb6 Rb4 43. h4 Rb3 44. Rb7 Rb1 45. h5 1-0

[Event "Madrid-chT 2021"]
[Site "Madrid"]
[Date "2021.05.30"]
[Round "13.5"]
[White "Martinez Del Nido, Eduardo"]
[Black "Rottenwohrer Suarez, Juan"]
[Result "0-1"]
[WhiteElo "1916"]
[BlackElo "2196"]
[PlyCount "62"]
[EventDate "2021.01.24"]
[EventType "team-tourn"]
[EventRounds "14"]
[EventCountry "ESP"]
[SourceTitle "Ajedrez en Madrid"]
[Source "lmi"]
[SourceDate "2021.01.23"]
[SourceVersion "1"]
[SourceVersionDate "2021.06.08"]
[SourceQuality "1"]
[WhiteTeam "Virgen de Atocha"]
[BlackTeam "Blanco y Negro"]
[WhiteTeamCountry "ESP"]
[BlackTeamCountry "ESP"]

1. e4 c5 2. Nf3 e6 3. d4 cxd4 4. Nxd4 a6 5. Be3 Nf6 6. Bd3 d5 7. e5 Ne4 8. Nd2
Nc5 9. Be2 Nc6 10. Nxc6 bxc6 11. c3 a5 12. O-O Be7 13. Qc2 O-O 14. f4 Ba6 15.
Rae1 g6 16. Rf3 Nd7 17. Bxa6 Rxa6 18. Ref1 c5 19. Rg3 c4 20. Nf3 Nc5 21. Bxc5
Bxc5+ 22. Kh1 f5 23. exf6 Qxf6 24. Ne5 Qxe5 25. Qd2 Qf5 26. h3 Bd6 27. Rgf3 Ra7
28. g4 Qe4 29. f5 exf5 30. Kg1 Bc5+ 31. Kh2 f4 0-1

[Event "Madrid-chT 2021"]
[Site "Madrid"]
[Date "2021.05.30"]
[Round "13.6"]
[White "Ortega Palacios, Alejandro"]
[Black "Sanchez Sanz, Alejandro"]
[Result "0-1"]
[WhiteElo "1734"]
[BlackElo "1772"]
[PlyCount "62"]
[EventDate "2021.01.24"]
[EventType "team-tourn"]
[EventRounds "14"]
[EventCountry "ESP"]
[SourceTitle "Ajedrez en Madrid"]
[Source "lmi"]
[SourceDate "2021.01.23"]
[SourceVersion "1"]
[SourceVersionDate "2021.06.08"]
[SourceQuality "1"]
[WhiteTeam "Blanco y Negro"]
[BlackTeam "Virgen de Atocha"]
[WhiteTeamCountry "ESP"]
[BlackTeamCountry "ESP"]

1. e4 c5 2. Nc3 e6 3. f4 d5 4. Bb5+ Bd7 5. Bxd7+ Qxd7 6. d3 d4 7. Nce2 Nc6 8.
Nf3 Nf6 9. Ng3 Be7 10. O-O h5 11. e5 Nd5 12. Ne4 h4 13. h3 f6 14. a3 Qc7 15.
Qe2 O-O-O 16. Nf2 f5 17. Bd2 Rdg8 18. Rfc1 Kb8 19. c3 Qd8 20. c4 Nxf4 21. Bxf4
g5 22. Bd2 g4 23. Ne1 Bg5 24. Rc2 Qc7 25. hxg4 Bxd2 26. Rxd2 Nxe5 27. gxf5 h3
28. f6 hxg2 29. Nxg2 Rh2 30. Ne4 Ng4 31. Qf3 Rh1+ 0-1

[Event "Madrid-chT 2021"]
[Site "Madrid"]
[Date "2021.05.29"]
[Round "13.1"]
[White "Herrera, Irisberto"]
[Black "Reyes Larena, Juan"]
[Result "1/2-1/2"]
[WhiteElo "2419"]
[BlackElo "2443"]
[PlyCount "25"]
[EventDate "2021.01.24"]
[EventType "team-tourn"]
[EventRounds "14"]
[EventCountry "ESP"]
[SourceTitle "Ajedrez en Madrid"]
[Source "lmi"]
[SourceDate "2021.01.23"]
[SourceVersion "1"]
[SourceVersionDate "2021.06.08"]
[SourceQuality "1"]
[WhiteTeam "Capablanca"]
[BlackTeam "San Sebastian de los Reyes"]
[WhiteTeamCountry "ESP"]
[BlackTeamCountry "ESP"]

1. e4 e5 2. Nf3 Nc6 3. Bb5 a6 4. Ba4 Nf6 5. O-O Be7 6. Re1 b5 7. Bb3 d6 8. c3
O-O 9. h3 Na5 10. Bc2 c5 11. d4 Nd7 12. Nbd2 exd4 13. cxd4 1/2-1/2

[Event "Madrid-chT 2021"]
[Site "Madrid"]
[Date "2021.05.29"]
[Round "13.2"]
[White "Martinez Fernandez, Raul"]
[Black "Tejedo Meneses, Alvaro"]
[Result "1-0"]
[WhiteElo "2141"]
[BlackElo "2037"]
[PlyCount "57"]
[EventDate "2021.01.24"]
[EventType "team-tourn"]
[EventRounds "14"]
[EventCountry "ESP"]
[SourceTitle "Ajedrez en Madrid"]
[Source "lmi"]
[SourceDate "2021.01.23"]
[SourceVersion "1"]
[SourceVersionDate "2021.06.08"]
[SourceQuality "1"]
[WhiteTeam "San Sebastian de los Reyes"]
[BlackTeam "Capablanca"]
[WhiteTeamCountry "ESP"]
[BlackTeamCountry "ESP"]

1. e4 c5 2. d4 cxd4 3. c3 dxc3 4. Nxc3 Nc6 5. Nf3 d6 6. Bc4 e6 7. O-O Nf6 8.
Qe2 Be7 9. Rd1 Qa5 10. Nb5 O-O 11. Nxd6 Ne5 12. Nxe5 Qxe5 13. f4 Qh5 14. Qxh5
Nxh5 15. e5 g6 16. Be3 b6 17. g4 Ng7 18. Rac1 Rd8 19. Bb5 h5 20. Rc7 Kf8 21.
Rdc1 Bxd6 22. exd6 hxg4 23. d7 Bxd7 24. Bxd7 Nf5 25. Bf2 Kg7 26. Bxe6 Nh6 27.
Bb3 Rd2 28. Rd1 Rxb2 29. Bd4+ 1-0

[Event "Madrid-chT 2021"]
[Site "Madrid"]
[Date "2021.05.29"]
[Round "13.3"]
[White "Porras Fernandez, Alberto"]
[Black "Quevedo Marin, Manuel"]
[Result "0-1"]
[WhiteElo "1919"]
[BlackElo "2201"]
[PlyCount "94"]
[EventDate "2021.01.24"]
[EventType "team-tourn"]
[EventRounds "14"]
[EventCountry "ESP"]
[SourceTitle "Ajedrez en Madrid"]
[Source "lmi"]
[SourceDate "2021.01.23"]
[SourceVersion "1"]
[SourceVersionDate "2021.06.08"]
[SourceQuality "1"]
[WhiteTeam "Capablanca"]
[BlackTeam "San Sebastian de los Reyes"]
[WhiteTeamCountry "ESP"]
[BlackTeamCountry "ESP"]

1. e4 e5 2. Nf3 Nc6 3. Bb5 g6 4. O-O Bg7 5. c3 a6 6. Ba4 d6 7. h3 Bd7 8. d3 Nf6
9. Be3 O-O 10. Qc1 Re8 11. Bh6 Bh8 12. Ng5 Nd4 13. Bd1 Ne6 14. Nd2 Nf4 15. Qb1
d5 16. Bb3 Bg7 17. Bxg7 Kxg7 18. Qc2 h6 19. Ngf3 Bxh3 20. g3 Nxd3 21. Qxd3 dxe4
22. Qc4 Be6 23. Qe2 exf3 24. Nxf3 Bxb3 25. axb3 e4 26. Nd4 c5 27. Nc2 Qd3 28.
Rfe1 Rad8 29. Ne3 Re6 30. Kg2 Rb6 31. Ra3 Rbd6 32. Ra5 Qxe2 33. Rxe2 Rb6 34.
Ra3 Re6 35. Ra5 b5 36. c4 Rb6 37. Rc2 Rd3 38. cxb5 Rxb5 39. Rxa6 Rdxb3 40. Nd1
Nd5 41. Ra7 Rd3 42. Rc1 e3 43. Kf1 exf2 44. Kxf2 Rd2+ 45. Ke1 Rg2 46. Rd7 Nf6
47. Rc7 Ne4 0-1

[Event "Madrid-chT 2021"]
[Site "Madrid"]
[Date "2021.05.29"]
[Round "13.4"]
[White "Reyes Peñas, Sebastian"]
[Black "Fernandez Rosado, Roberto"]
[Result "1/2-1/2"]
[WhiteElo "2185"]
[BlackElo "2029"]
[PlyCount "36"]
[EventDate "2021.01.24"]
[EventType "team-tourn"]
[EventRounds "14"]
[EventCountry "ESP"]
[SourceTitle "Ajedrez en Madrid"]
[Source "lmi"]
[SourceDate "2021.01.23"]
[SourceVersion "1"]
[SourceVersionDate "2021.06.08"]
[SourceQuality "1"]
[WhiteTeam "San Sebastian de los Reyes"]
[BlackTeam "Capablanca"]
[WhiteTeamCountry "ESP"]
[BlackTeamCountry "ESP"]

1. e4 e5 2. Nf3 Nc6 3. Bb5 a6 4. Ba4 Nf6 5. d3 d6 6. c3 g6 7. O-O Bg7 8. Re1
O-O 9. Nbd2 Nh5 10. Nf1 f5 11. exf5 Bxf5 12. Ne3 Bd7 13. d4 exd4 14. cxd4 Kh8
15. d5 Ne5 16. Nxe5 Bxe5 17. Bxd7 Qxd7 18. Ng4 Bg7 1/2-1/2

[Event "Madrid-chT 2021"]
[Site "Madrid"]
[Date "2021.05.29"]
[Round "13.5"]
[White "Matesanz Bonastre, Rafael"]
[Black "Alfaya Marcelo, Roberto"]
[Result "1/2-1/2"]
[WhiteElo "1914"]
[BlackElo "2198"]
[PlyCount "91"]
[EventDate "2021.01.24"]
[EventType "team-tourn"]
[EventRounds "14"]
[EventCountry "ESP"]
[SourceTitle "Ajedrez en Madrid"]
[Source "lmi"]
[SourceDate "2021.01.23"]
[SourceVersion "1"]
[SourceVersionDate "2021.06.08"]
[SourceQuality "1"]
[WhiteTeam "Capablanca"]
[BlackTeam "San Sebastian de los Reyes"]
[WhiteTeamCountry "ESP"]
[BlackTeamCountry "ESP"]

1. d4 Nf6 2. c4 e6 3. Nc3 d5 4. cxd5 exd5 5. Bg5 Be7 6. e3 c6 7. Qc2 Nbd7 8.
Bd3 Nh5 9. Bxe7 Qxe7 10. Nge2 g6 11. O-O O-O 12. a3 a5 13. Qd2 Re8 14. Rab1
Ndf6 15. Na4 Ne4 16. Bxe4 dxe4 17. Nb6 Ra6 18. Nxc8 Rxc8 19. Rbc1 Nf6 20. Rc5
a4 21. Rfc1 Rd8 22. Ra5 Rb6 23. Rxa4 Ng4 24. h3 Ne5 25. b4 Rb5 26. Qc2 Nd3 27.
Rf1 Rg5 28. Nc1 Nxc1 29. Rxc1 Rdd5 30. Qe2 Kg7 31. Rc5 Qd7 32. Kh1 b6 33. Rxd5
Rxd5 34. Ra8 c5 35. bxc5 bxc5 36. Ra5 cxd4 37. Rxd5 Qxd5 38. Qb2 Kh6 39. exd4
f5 40. Qd2+ g5 41. Qb4 Qa2 42. Qd6+ Kg7 43. Qe5+ Kg6 44. Qd6+ Kg7 45. Qe5+ Kg6
46. Qd6+ 1/2-1/2

[Event "Madrid-chT 2021"]
[Site "Madrid"]
[Date "2021.05.29"]
[Round "13.6"]
[White "Jovancevic, Jovan"]
[Black "Arroyo Fernandez, Francisco J"]
[Result "1-0"]
[WhiteElo "2152"]
[BlackElo "1768"]
[PlyCount "75"]
[EventDate "2021.01.24"]
[EventType "team-tourn"]
[EventRounds "14"]
[EventCountry "ESP"]
[SourceTitle "Ajedrez en Madrid"]
[Source "lmi"]
[SourceDate "2021.01.23"]
[SourceVersion "1"]
[SourceVersionDate "2021.06.08"]
[SourceQuality "1"]
[WhiteTeam "San Sebastian de los Reyes"]
[BlackTeam "Capablanca"]
[WhiteTeamCountry "ESP"]
[BlackTeamCountry "ESP"]

1. d4 d6 2. Nf3 Nf6 3. c4 Bg4 4. Nc3 Nbd7 5. e3 c6 6. Be2 e5 7. O-O Be7 8. b3
O-O 9. dxe5 dxe5 10. Bb2 Qc7 11. Qc2 Rfd8 12. h3 Bh5 13. Nh4 Bxe2 14. Nxe2 Nc5
15. Nf5 Nd3 16. Nxe7+ Qxe7 17. Bc3 Ne4 18. Rad1 Nxc3 19. Qxc3 Nc5 20. Ng3 Qc7
21. b4 Ne6 22. c5 Rxd1 23. Rxd1 Rd8 24. Rc1 Rd5 25. Nf5 g6 26. Nd6 a6 27. f4
Qe7 28. fxe5 Nd8 29. Nc4 Ne6 30. Rf1 Qg5 31. e4 Rd7 32. Nd6 h5 33. Kh1 h4 34.
Qf3 Nd4 35. Qf2 Ne6 36. Nxf7 Qg3 37. Qf6 Ng7 38. Ng5 1-0

[Event "Madrid-chT 2021"]
[Site "Madrid"]
[Date "2021.05.30"]
[Round "13.1"]
[White "Pulvett Marin, Daniel Eduardo"]
[Black "Valles Moreno, Ivan"]
[Result "1-0"]
[WhiteElo "2472"]
[BlackElo "2411"]
[PlyCount "63"]
[EventDate "2021.01.24"]
[EventType "team-tourn"]
[EventRounds "14"]
[EventCountry "ESP"]
[SourceTitle "Ajedrez en Madrid"]
[Source "lmi"]
[SourceDate "2021.01.23"]
[SourceVersion "1"]
[SourceVersionDate "2021.06.08"]
[SourceQuality "1"]
[WhiteTeam "Collado Villalba"]
[BlackTeam "Villalba 64"]
[WhiteTeamCountry "ESP"]
[BlackTeamCountry "ESP"]

1. d4 Nf6 2. c4 g6 3. Nc3 Bg7 4. e4 d6 5. Nf3 Bg4 6. Qb3 Qc8 7. Be3 O-O 8. Be2
a5 9. O-O Nc6 10. d5 Nb4 11. Rac1 Nd7 12. Na4 b6 13. a3 Na6 14. Qc2 Bxf3 15.
Bxf3 f5 16. exf5 gxf5 17. g3 Ne5 18. Be2 Nc5 19. Nc3 f4 20. Bxf4 Rxf4 21. gxf4
Ned3 22. Rcd1 Nxf4 23. Kh1 Kh8 24. Rg1 Be5 25. Bg4 Qf8 26. b4 axb4 27. axb4 Na6
28. Ne4 Qh6 29. Qd2 Nxb4 30. Rg3 Na6 31. Rdg1 Qh4 32. Ng5 1-0

[Event "Madrid-chT 2021"]
[Site "Madrid"]
[Date "2021.05.30"]
[Round "13.2"]
[White "Garcia Luengo, Leandro"]
[Black "Martin Duque, Jesus"]
[Result "1/2-1/2"]
[WhiteElo "2304"]
[BlackElo "2432"]
[PlyCount "106"]
[EventDate "2021.01.24"]
[EventType "team-tourn"]
[EventRounds "14"]
[EventCountry "ESP"]
[SourceTitle "Ajedrez en Madrid"]
[Source "lmi"]
[SourceDate "2021.01.23"]
[SourceVersion "1"]
[SourceVersionDate "2021.06.08"]
[SourceQuality "1"]
[WhiteTeam "Villalba 64"]
[BlackTeam "Collado Villalba"]
[WhiteTeamCountry "ESP"]
[BlackTeamCountry "ESP"]

1. e4 c5 2. Be2 Nc6 3. f4 d5 4. d3 dxe4 5. dxe4 Qxd1+ 6. Bxd1 b6 7. c3 Bb7 8.
Nf3 e6 9. Be2 Nf6 10. Nbd2 Rd8 11. a4 Be7 12. e5 Nd5 13. Nc4 O-O 14. O-O a6 15.
g3 b5 16. axb5 axb5 17. Na3 b4 18. Nb5 f6 19. c4 Nb6 20. Be3 Nd7 21. Nc7 Kf7
22. f5 Rc8 23. Nxe6 Rfe8 24. exf6 Bxf6 25. Rad1 Re7 26. Nfg5+ Kg8 27. Ne4 Bd4
28. Bxd4 Nxd4 29. Bd3 Nxf5 30. N4g5 g6 31. Bxf5 gxf5 32. Nf4 Nf6 33. Nd5 Nxd5
34. cxd5 Re5 35. d6 Rd8 36. Rf2 Bd5 37. Nf3 Bxf3 38. Rxf3 Rd7 39. Kf2 Kf7 40.
g4 Ke6 41. gxf5+ Rxf5 42. Rxf5 Kxf5 43. Rd5+ Ke4 44. Rxc5 Rxd6 45. Ke2 Kd4 46.
Rh5 Kc4 47. Rh3 Rg6 48. b3+ Kd4 49. Rd3+ Kc5 50. Rh3 h6 51. Kd3 Rd6+ 52. Ke3
Re6+ 53. Kd3 Rd6+ 1/2-1/2

[Event "Madrid-chT 2021"]
[Site "Madrid"]
[Date "2021.05.30"]
[Round "13.4"]
[White "Lopez del Alamo, Antonio"]
[Black "Lianes Garcia, Marcos"]
[Result "0-1"]
[WhiteElo "2284"]
[BlackElo "2391"]
[PlyCount "56"]
[EventDate "2021.01.24"]
[EventType "team-tourn"]
[EventRounds "14"]
[EventCountry "ESP"]
[SourceTitle "Ajedrez en Madrid"]
[Source "lmi"]
[SourceDate "2021.01.23"]
[SourceVersion "1"]
[SourceVersionDate "2021.06.08"]
[SourceQuality "1"]
[WhiteTeam "Villalba 64"]
[BlackTeam "Collado Villalba"]
[WhiteTeamCountry "ESP"]
[BlackTeamCountry "ESP"]

1. e4 e5 2. Bc4 Nf6 3. d3 Nc6 4. Nc3 Bc5 5. f4 d6 6. Nf3 Bg4 7. Bb5 O-O 8. Bxc6
bxc6 9. fxe5 Nd7 10. exd6 f5 11. Bg5 Qe8 12. Qd2 Bxf3 13. gxf3 Ne5 14. O-O-O f4
15. d4 Nxf3 16. Qd3 Nxd4 17. Qc4+ Ne6 18. Be7 cxd6 19. Bxf8 Kxf8 20. Rhf1 Ke7
21. Kb1 Rb8 22. Ne2 Be3 23. Qd3 Rd8 24. e5 d5 25. Qxh7 Qh8 26. Qd3 Qxh2 27. Qa6
Nc5 28. Qa3 Qxe2 0-1

[Event "Madrid-chT 2021"]
[Site "Madrid"]
[Date "2021.05.30"]
[Round "13.5"]
[White "Garcia Dorado, Alberto"]
[Black "Sanchez Gonzalez, Sergio"]
[Result "1-0"]
[WhiteElo "2234"]
[BlackElo "2303"]
[PlyCount "95"]
[EventDate "2021.01.24"]
[EventType "team-tourn"]
[EventRounds "14"]
[EventCountry "ESP"]
[SourceTitle "Ajedrez en Madrid"]
[Source "lmi"]
[SourceDate "2021.01.23"]
[SourceVersion "1"]
[SourceVersionDate "2021.06.08"]
[SourceQuality "1"]
[WhiteTeam "Collado Villalba"]
[BlackTeam "Villalba 64"]
[WhiteTeamCountry "ESP"]
[BlackTeamCountry "ESP"]

1. d4 Nf6 2. c4 e6 3. g3 d5 4. Bg2 dxc4 5. Nf3 Bb4+ 6. Bd2 a5 7. O-O O-O 8. Qc2
Bxd2 9. Nbxd2 b5 10. a4 c6 11. b3 cxb3 12. Nxb3 Nd5 13. Rfc1 Ba6 14. e4 bxa4
15. Rxa4 Bb5 16. Ra3 a4 17. Nc5 Nb6 18. Bf1 Na6 19. Rb1 Nc7 20. Nd3 Qe7 21. Nb4
Na6 22. Qc3 Nxb4 23. Rxb4 Ra5 24. Ne5 Rc8 25. Rb1 Raa8 26. Qc5 Qd8 27. Bxb5
cxb5 28. Nc6 Nc4 29. Ra2 Rxc6 30. Qxc6 Nd6 31. e5 Nf5 32. Qxb5 Nxd4 33. Qb6
Nf3+ 34. Kg2 Qxb6 35. Rxb6 Nxe5 36. Rxa4 Rc8 37. Rb7 g6 38. Raa7 Nc6 39. Ra2
Ne5 40. h3 h6 41. f4 Nc4 42. Raa7 Nd6 43. Rd7 Rc6 44. g4 Kf8 45. g5 hxg5 46.
fxg5 Kg8 47. Kf3 Nb5 48. Ra8+ 1-0

[Event "Madrid-chT 2021"]
[Site "Madrid"]
[Date "2021.05.30"]
[Round "13.6"]
[White "Estevez Sacristan, Deva"]
[Black "Ruiz Buendia, Miguel"]
[Result "0-1"]
[WhiteElo "1941"]
[BlackElo "2138"]
[PlyCount "72"]
[EventDate "2021.01.24"]
[EventType "team-tourn"]
[EventRounds "14"]
[EventCountry "ESP"]
[SourceTitle "Ajedrez en Madrid"]
[Source "lmi"]
[SourceDate "2021.01.23"]
[SourceVersion "1"]
[SourceVersionDate "2021.06.08"]
[SourceQuality "1"]
[WhiteTeam "Villalba 64"]
[BlackTeam "Collado Villalba"]
[WhiteTeamCountry "ESP"]
[BlackTeamCountry "ESP"]

1. e4 c5 2. Nc3 a6 3. g3 b5 4. Bg2 Bb7 5. d3 e6 6. Nf3 d6 7. O-O Be7 8. a3 Nf6
9. Re1 O-O 10. h3 Qc7 11. Be3 Nc6 12. Qd2 Rad8 13. g4 d5 14. exd5 Nxd5 15. Nxd5
Rxd5 16. Bf4 Bd6 17. Bxd6 Rxd6 18. Qf4 Ne7 19. Nd2 Ng6 20. Qg3 Bxg2 21. Kxg2
Qc6+ 22. f3 Rd4 23. Re4 e5 24. Rae1 Rfd8 25. Nf1 c4 26. dxc4 bxc4 27. Rxd4 Rxd4
28. Qf2 Qb7 29. c3 Rd3 30. Re4 Nf4+ 31. Kh2 Rd1 32. Rxc4 g6 33. Rb4 Qd7 34.
Rb8+ Kg7 35. h4 Qd3 36. Qe3 Qc2+ 0-1

[Event "Madrid-chT 2021"]
[Site "Madrid"]
[Date "2021.05.30"]
[Round "13.1"]
[White "Montañes Arribas, Adrian"]
[Black "Elissalt Cardenas, Hector"]
[Result "0-1"]
[WhiteElo "2265"]
[BlackElo "2281"]
[PlyCount "60"]
[EventDate "2021.01.24"]
[EventType "team-tourn"]
[EventRounds "14"]
[EventCountry "ESP"]
[SourceTitle "Ajedrez en Madrid"]
[Source "lmi"]
[SourceDate "2021.01.23"]
[SourceVersion "1"]
[SourceVersionDate "2021.06.08"]
[SourceQuality "1"]
[WhiteTeam "Vallecas CDV"]
[BlackTeam "Tajamar"]
[WhiteTeamCountry "ESP"]
[BlackTeamCountry "ESP"]

1. e4 e5 2. Nf3 Nc6 3. Bb5 a6 4. Ba4 Nf6 5. Bxc6 dxc6 6. d3 Nd7 7. Nbd2 g6 8.
Nc4 Bg7 9. Bg5 f6 10. Be3 Qe7 11. Qe2 c5 12. Nfd2 Nb8 13. Nb3 b6 14. a4 a5 15.
c3 Ba6 16. O-O Nc6 17. Na3 O-O 18. Nd2 Rad8 19. Ndc4 f5 20. exf5 gxf5 21. Qf3
Qe6 22. Bg5 Rd7 23. Rfe1 Qg6 24. Bh4 Bb7 25. Rad1 Nd8 26. Qh3 Nf7 27. Nc2 Bc6
28. b3 f4 29. Nb2 Bd5 30. Nc4 Be6 0-1

[Event "Madrid-chT 2021"]
[Site "Madrid"]
[Date "2021.05.30"]
[Round "13.2"]
[White "Ingunza Curro, Andres"]
[Black "Martin Garcia, Guillermo Li"]
[Result "0-1"]
[WhiteElo "2392"]
[BlackElo "2257"]
[PlyCount "166"]
[EventDate "2021.01.24"]
[EventType "team-tourn"]
[EventRounds "14"]
[EventCountry "ESP"]
[SourceTitle "Ajedrez en Madrid"]
[Source "lmi"]
[SourceDate "2021.01.23"]
[SourceVersion "1"]
[SourceVersionDate "2021.06.08"]
[SourceQuality "1"]
[WhiteTeam "Tajamar"]
[BlackTeam "Vallecas CDV"]
[WhiteTeamCountry "ESP"]
[BlackTeamCountry "ESP"]

1. e4 e5 2. Nf3 Nc6 3. Bc4 Bc5 4. d3 Nf6 5. h3 a6 6. c3 Ba7 7. Bb3 d6 8. Nbd2
h6 9. Nf1 Bd7 10. Be3 Qe7 11. Bxa7 Nxa7 12. Ne3 O-O-O 13. Qc2 Be6 14. O-O-O
Bxb3 15. Qxb3 Nc6 16. Rhe1 g6 17. Kb1 Kb8 18. Nc4 Qe6 19. d4 exd4 20. cxd4 d5
21. exd5 Qxd5 22. Nce5 Nxe5 23. dxe5 Qxb3 24. Rxd8+ Rxd8 25. axb3 Nd5 26. e6 f6
27. Nh4 Ne7 28. Kc2 c6 29. g4 Rd4 30. Ng2 Kc7 31. f4 f5 32. Re5 Kd6 33. Re2 b5
34. Re1 h5 35. gxh5 gxh5 36. Ra1 Nd5 37. e7 Re4 38. Nh4 Nxe7 39. Rd1+ Ke6 40.
Nf3 Rxf4 41. Re1+ Kf6 42. Ne5 Rf2+ 43. Kc1 Rh2 44. Nd7+ Kf7 45. Ne5+ Kf8 46.
Nd7+ Ke8 47. Nf6+ Kf7 48. Nxh5 Rxh3 49. Nf4 Rxb3 50. Kc2 Rb4 51. Nd3 Rc4+ 52.
Kb3 Kf6 53. Ra1 f4 54. Rxa6 Kf5 55. Ra7 Nd5 56. Nf2 f3 57. Rf7+ Nf6 58. Rf8 Rc1
59. Nd3 Rg1 60. Kc3 Rg2 61. Ne1 Rg3 62. Nxf3 Rxf3+ 63. Kb4 Rf4+ 64. Kc5 Rc4+
65. Kd6 Kg6 66. Rc8 Ne4+ 67. Ke5 Kf7 68. b3 Rb4 69. Rxc6 Nd2 70. Kd5 Nxb3 71.
Rb6 Ke7 72. Kc6 Nd4+ 73. Kc5 Rc4+ 74. Kd5 Ra4 75. Kc5 Kf7 76. Kd5 Ne2 77. Kc5
Nc3 78. Rh6 Rc4+ 79. Kb6 b4 80. Rh2 b3 81. Ka5 Nd1 82. Rd2 Rc1 83. Rd7+ Ke6 0-1